Loading...
Introduction to futures and options markets
Designed for those with limited training in mathematics, this thoroughly revised and updated second edition offers an in-depth exploration of futures and options. The author examines trading strategies and how markets work, as well as contemporary pricing, hedging, and risk management tools
| Hovedforfatter: | |
|---|---|
| Udgivet: |
New Delhi
PHI Learning Pvt. Ltd.
2009
|
| Udgivelse: | 2nd |
| Fag: | |
| Online adgang: | MB06492 |
| LEADER | 01003nam a22002057a 4500 | ||
|---|---|---|---|
| 020 | |a 978-81-203-1463-4 | ||
| 082 | |a 332.6452 |b HUL-I | ||
| 100 | |a Hull, John | ||
| 245 | |a Introduction to futures and options markets | ||
| 250 | |a 2nd | ||
| 260 | |a New Delhi |b PHI Learning Pvt. Ltd. |c 2009 | ||
| 300 | |a 444p. | ||
| 520 | |a Designed for those with limited training in mathematics, this thoroughly revised and updated second edition offers an in-depth exploration of futures and options. The author examines trading strategies and how markets work, as well as contemporary pricing, hedging, and risk management tools | ||
| 650 | |a Options markets | ||
| 650 | |a Interest-rate futures | ||
| 856 | |u MB06492 | ||
| 942 | |c BB | ||
| 999 | |c 47166 |d 47166 | ||
| 952 | |0 0 |1 0 |4 0 |6 332_645200000000000_HULI |7 0 |9 59242 |a KU |b KU |d 2015-10-27 |g 250.00 |l 0 |o 332.6452 HUL-I |p MB06492 |r 2015-10-27 |y BB | ||
| 952 | |0 0 |1 0 |4 0 |6 332_645200000000000_HULI |7 0 |9 59243 |a KU |b KU |d 2015-10-27 |g 250.00 |l 0 |o 332.6452 HUL-I |p MB06493 |r 2015-10-27 |w 2015-10-27 |y BB | ||